[Event "LI Torneo B di Capodanno"]
[Site "Reggio nell'Emilia ITA"]
[Date "2009.01.02"]
[Round "7"]
[White "Thorfinnsson, Bjorn"]
[Black "Rombaldoni, Axel"]
[Result "1-0"]
[WhiteElo "2399"]
[BlackElo "2334"]
[PlyCount "69"]
[EventDate "2008.12.27"]

1. d4 d5 2. c4 e6 3. Nc3 c5 4. cxd5 cxd4 5. Qxd4 Nc6 6. Qd1 exd5 7. e3 Nf6 8.
Nf3 Bd6 9. Be2 O-O 10. O-O a6 11. a3 b5 12. b4 Qe7 13. Nxd5 Nxd5 14. Qxd5 Bb7
15. Bb2 Ne5 16. Qd4 Bxf3 17. Bxf3 Nxf3+ 18. gxf3 Qg5+ 19. Qg4 Qh6 20. f4 a5 21.
Rad1 Ra6 22. Rd5 Be7 23. f5 Rb8 24. Be5 Bd6 25. Rfd1 Rbb6 26. f6 Bf8 27. Rd8 g5
28. h4 Rxf6 29. Bxf6 Rxf6 30. R1d5 Rg6 31. Rxg5 Qg7 32. bxa5 Qa1+ 33. Kg2 Qxa3
34. h5 Qe7 35. Rxf8+ 1-0

[Event "LI Torneo B di Capodanno"]
[Site "Reggio nell'Emilia ITA"]
[Date "2009.01.03"]
[Round "8"]
[White "Gunnarsson, Jon Viktor"]
[Black "Lucaroni, Massimiliano"]
[Result "1-0"]
[WhiteElo "2430"]
[BlackElo "2320"]
[PlyCount "162"]
[EventDate "2008.12.27"]

1. e4 e5 2. Nf3 Nc6 3. Bc4 Nf6 4. d3 Bc5 5. c3 O-O 6. Bb3 d5 7. exd5 Nxd5 8. h3
Bf5 9. O-O Nb6 10. Bc2 a5 11. Qe2 Re8 12. Nbd2 Bg6 13. Ne4 Bf8 14. Bg5 f6 15.
Bd2 f5 16. Ng3 h6 17. Rfe1 Qf6 18. Rad1 Kh8 19. Bc1 Bd6 20. b3 Re7 21. Bb2 Rae8
22. Nh2 Bc5 23. a3 Nd5 24. b4 axb4 25. axb4 Bb6 26. b5 Nd8 27. Qf3 e4 28. dxe4
fxe4 29. Qxf6 Nxf6 30. Nhf1 Nf7 31. Ne3 Bxe3 32. Rxe3 Nd6 33. Ba3 Nc4 34. Bxe7
Nxe3 35. fxe3 Rxe7 36. Rd8+ Kh7 37. Ne2 Re8 38. Rd4 Re5 39. c4 b6 40. Nc3 Kg8
41. Kf2 Kf7 42. Ke1 Ke7 43. Kd2 Bh7 44. Ne2 Rg5 45. g3 Rc5 46. Kc3 Bg8 47. Kb4
Be6 48. g4 h5 49. gxh5 Bxh3 50. Nf4 Bg4 51. Bxe4 Bxh5 52. Bd5 Nxd5+ 53. Nxd5+
Ke6 54. Re4+ Kd6 55. Rd4 Ke6 56. Nf4+ Ke7 57. Re4+ Kd6 58. Rd4+ Ke7 59. Re4+
Kd6 60. Re6+ Kd7 61. Rc6 Bf7 62. Rxc5 bxc5+ 63. Kxc5 g5 64. Nd5 Be6 65. Nf6+
Kc8 66. Kd4 g4 67. Nh5 Kb7 68. c5 Bf7 69. Ng3 Be8 70. Kc4 Bf7+ 71. Kb4 Be6 72.
e4 Kc8 73. c6 Bf7 74. Kc5 Be6 75. e5 Bf7 76. b6 Kb8 77. b7 Ka7 78. Kd4 Bb3 79.
Nf5 Ba4 80. Ne7 g3 81. Ke3 Bxc6 1-0

[Event "LI Torneo B di Capodanno"]
[Site "Reggio nell'Emilia ITA"]
[Date "2009.01.03"]
[Round "8"]
[White "Kovacevic, Blazimir"]
[Black "Cocchi, Andrea"]
[Result "1-0"]
[WhiteElo "2472"]
[BlackElo "2305"]
[PlyCount "115"]
[EventDate "2008.12.27"]

1. d4 d6 2. c4 e5 3. Nf3 exd4 4. Nxd4 g6 5. Nc3 Bg7 6. e4 Nc6 7. Be3 Nge7 8.
Be2 O-O 9. O-O f5 10. Nxc6 bxc6 11. Qd2 fxe4 12. Nxe4 Nf5 13. Bg5 Qe8 14. Ng3
Qe5 15. Bf3 Bd7 16. Nxf5 Rxf5 17. Bg4 Rf7 18. Bxd7 Rxd7 19. Rab1 d5 20. h4 Rf8
21. b3 Qf5 22. Rbd1 Qg4 23. Rfe1 Rdf7 24. Qe2 Qf5 25. f3 h6 26. Bc1 Qh5 27. Qe6
Qxh4 28. cxd5 cxd5 29. Qxd5 Kh7 30. Re4 Qf6 31. Be3 Qb2 32. Qd2 Qf6 33. Bxa7
Qc6 34. Be3 Qb5 35. Qd5 Qa6 36. Ra4 Qe2 37. Qd3 Qb2 38. Qd2 Qe5 39. Bd4 Qg3 40.
Bxg7 Kxg7 41. Rg4 Qe5 42. Qd4 Qxd4+ 43. Rgxd4 Rb8 44. Rd7 c5 45. Kf2 Ra8 46.
Rxf7+ Kxf7 47. Rd2 Ke6 48. Ke3 Ra6 49. Kd3 Kd5 50. Kc3+ Kc6 51. Kc4 Ra8 52. Re2
Kd6 53. a4 Rb8 54. a5 Ra8 55. Ra2 Kc6 56. a6 Kb6 57. a7 h5 58. Kd5 1-0

[Event "LI Torneo B di Capodanno"]
[Site "Reggio nell'Emilia ITA"]
[Date "2009.01.03"]
[Round "8"]
[White "Rombaldoni, Axel"]
[Black "Galyas, Miklos"]
[Result "1/2-1/2"]
[WhiteElo "2334"]
[BlackElo "2454"]
[PlyCount "106"]
[EventDate "2008.12.27"]

1. e4 e6 2. d4 d5 3. Nc3 Nc6 4. Nf3 Nf6 5. e5 Ne4 6. Ne2 f6 7. Ng3 fxe5 8. Bb5
exd4 9. Nxe4 dxe4 10. Nxd4 Qd5 11. Nxc6 a6 12. Ba4 Bd7 13. c4 Qxd1+ 14. Kxd1
Bxc6 15. Bxc6+ bxc6 16. Ke2 Bd6 17. Be3 c5 18. h4 Kf7 19. h5 Rhb8 20. Rab1 a5
21. Rh4 Rb4 22. Rxe4 Rab8 23. Bc1 Be7 24. Kd3 Bf6 25. Kc2 a4 26. b3 axb3+ 27.
axb3 Ra8 28. Re2 Rb6 29. Bf4 Ra2+ 30. Kd1 Ra3 31. Re3 Rb7 32. Rd3 Bd4 33. Ke2
e5 34. Bc1 Ra2+ 35. Rd2 Rba7 36. f3 Ke6 37. Kd3 c6 38. g4 h6 39. b4 Ra1 40.
Rxa1 Rxa1 41. Bb2 Rb1 42. Bxd4 cxd4 43. b5 cxb5 44. cxb5 Rxb5 45. Ra2 Rb3+ 46.
Ke2 Re3+ 47. Kf2 e4 48. fxe4 Rxe4 49. Kf3 Re5 50. Ra6+ Kd7 51. Ra4 Rd5 52. Ke4
Ke6 53. Ra6+ Rd6 1/2-1/2

[Event "LI Torneo B di Capodanno"]
[Site "Reggio nell'Emilia ITA"]
[Date "2009.01.04"]
[Round "9"]
[White "Galyas, Miklos"]
[Black "Barillaro, Luca"]
[Result "1-0"]
[WhiteElo "2454"]
[BlackElo "2202"]
[PlyCount "61"]
[EventDate "2008.12.27"]

1. d4 d5 2. c4 c6 3. Nf3 Nf6 4. e3 e6 5. b3 Bb4+ 6. Nbd2 Nbd7 7. Bd3 O-O 8. O-O
b6 9. Qe2 Bb7 10. Bb2 c5 11. cxd5 exd5 12. a3 Ba5 13. Ne5 Bxd2 14. Qxd2 Nxe5
15. dxe5 Ne4 16. Qc2 Qh4 17. f3 Ng5 18. f4 Ne4 19. f5 Qg5 20. Rf4 Rad8 21. Raf1
Rfe8 22. Qe2 c4 23. bxc4 Nc5 24. Rg4 Qh6 25. e6 f6 26. cxd5 Nxd3 27. Qxd3 Rxd5
28. Rd4 Rxd4 29. Qxd4 Qg5 30. Rf2 Bc6 31. Qc4 1-0

[Event "LI Torneo B di Capodanno"]
[Site "Reggio nell'Emilia ITA"]
[Date "2009.01.04"]
[Round "9"]
[White "Lucaroni, Massimiliano"]
[Black "Kovacevic, Blazimir"]
[Result "1/2-1/2"]
[WhiteElo "2320"]
[BlackElo "2472"]
[PlyCount "69"]
[EventDate "2008.12.27"]

1. e4 e6 2. b3 d5 3. Bb2 Nf6 4. e5 Nfd7 5. Qg4 c5 6. f4 Nc6 7. Nf3 a6 8. Be2 f5
9. Qg3 Qe7 10. c3 b5 11. Na3 Bb7 12. Nc2 Nb6 13. O-O Qd7 14. d4 c4 15. Rfb1 g6
16. Ba3 Bxa3 17. Nxa3 O-O 18. h4 Kh8 19. Kf2 Rg8 20. h5 gxh5 21. Ng5 h4 22.
Qxh4 Rg7 23. Rh1 Qe7 24. Rh2 Nd7 25. Rah1 Nf8 26. Nc2 Nd8 27. Bh5 Kg8 28. g4 h6
29. Nf3 fxg4 30. Qxe7 g3+ 31. Ke3 Rxe7 32. Rg2 Rg7 33. Rhg1 Bc8 34. Rxg3 Raa7
35. Rxg7+ 1/2-1/2

[Event "LI Torneo B di Capodanno"]
[Site "Reggio nell'Emilia ITA"]
[Date "2009.01.04"]
[Round "9"]
[White "Pomaro, Alberto"]
[Black "Gunnarsson, Jon Viktor"]
[Result "0-1"]
[WhiteElo "2254"]
[BlackElo "2430"]
[PlyCount "102"]
[EventDate "2008.12.27"]

1. e4 c5 2. Nf3 d6 3. d4 cxd4 4. Nxd4 Nf6 5. Nc3 a6 6. Be3 e5 7. Nb3 Be6 8. Nd5
Nbd7 9. f3 Nxd5 10. exd5 Bf5 11. Be2 Be7 12. O-O O-O 13. Qd2 h6 14. Na5 Qc7 15.
c4 Bh7 16. b4 f5 17. Rac1 b6 18. Nc6 Bf6 19. f4 Rae8 20. g3 Kh8 21. Bh5 Rc8 22.
Bf3 Rg8 23. Bg2 g5 24. Qf2 gxf4 25. gxf4 exf4 26. Qxf4 Ne5 27. Nxe5 dxe5 28.
Qf2 f4 29. Kh1 Bd3 30. Rfd1 Qh7 31. Rg1 Be4 32. Bxb6 Rxg2 33. Rxg2 Rg8 34. Rcg1
Qg6 35. h3 Qh5 36. Kh2 Rxg2+ 37. Rxg2 Bh4 38. Qg1 Bxg2 39. Qxg2 Bg3+ 40. Kh1
Qg6 41. Bg1 Qf5 42. d6 e4 43. c5 Qd5 44. Qb2+ Kh7 45. Qd4 Qc6 46. Be3 fxe3 47.
Qc4 Kg7 48. Qd4+ Kf7 49. Qxe3 Be5 50. Kg1 Qd5 51. Qxh6 Qd1+ 0-1

[Event "LI Torneo B di Capodanno"]
[Site "Reggio nell'Emilia ITA"]
[Date "2009.01.04"]
[Round "9"]
[White "Thorfinnsson, Bjorn"]
[Black "Corvi, Marco"]
[Result "0-1"]
[WhiteElo "2399"]
[BlackElo "2343"]
[PlyCount "62"]
[EventDate "2008.12.27"]

1. d4 f5 2. c4 Nf6 3. Nc3 e6 4. Nf3 Be7 5. g3 O-O 6. Bg2 d6 7. O-O a5 8. Qc2
Nc6 9. a3 e5 10. dxe5 dxe5 11. Rd1 Qe8 12. Nb5 Bd8 13. Ne1 Qh5 14. f3 Ra6 15.
Nd3 f4 16. gxf4 e4 17. fxe4 Ng4 18. h3 Nge5 19. f5 g6 20. Bf4 gxf5 21. Nxe5
Nxe5 22. Bxe5 Rg6 23. Kh2 f4 24. Qc3 Bh4 25. Kh1 Bg3 26. Bxf4 Bxf4 27. Rf1 Qh4
28. Nd4 Rg3 29. Rf3 Bxh3 30. Rxg3+ Bxg3 31. Nf3 Rxf3 0-1

[Event "XV Festival A"]
[Site "Campobasso ITA"]
[Date "2008.07.18"]
[Round "1"]
[White "Andreoli, Mark"]
[Black "Mazza, Daniele"]
[Result "1-0"]
[WhiteElo "2048"]
[BlackElo "1735"]
[PlyCount "87"]
[EventDate "2008.07.18"]

1. e4 Nf6 2. e5 Nd5 3. d4 d6 4. Bc4 Nb6 5. Bb3 e6 6. Nf3 dxe5 7. Nxe5 N8d7 8.
Qe2 Nxe5 9. dxe5 Bd7 10. O-O Qe7 11. Nc3 O-O-O 12. Ne4 h6 13. a4 Nd5 14. c4 Nb4
15. Be3 a6 16. Bc5 Qe8 17. Qe3 Kb8 18. Rfd1 Bc6 19. Nc3 Bxc5 20. Qxc5 Nd3 21.
Qe3 Nb4 22. Rxd8+ Qxd8 23. Nb5 b6 24. Nd4 Bb7 25. f4 Nc6 26. Nxc6+ Bxc6 27. c5
b5 28. axb5 Bxb5 29. Rd1 Qc8 30. Qd4 Qb7 31. Rd2 g5 32. f5 Bc6 33. Ba2 Re8 34.
fxe6 fxe6 35. Rd3 Bb5 36. Bc4 Rf8 37. Bxb5 axb5 38. b4 Qa6 39. Rd1 Qc6 40. h3
Qb7 41. Qd7 Rf4 42. Ra1 Rf8 43. Ra5 c6 44. Qd6+ 1-0

[Event "XV Festival A"]
[Site "Campobasso ITA"]
[Date "2008.07.18"]
[Round "1"]
[White "Bocci, Alessandro"]
[Black "Gerardi, Saverio"]
[Result "0-1"]
[WhiteElo "1908"]
[BlackElo "2176"]
[PlyCount "98"]
[EventDate "2008.07.18"]

1. d4 d5 2. c4 e6 3. Nc3 Nf6 4. cxd5 exd5 5. Bg5 Be7 6. e3 O-O 7. Bd3 h6 8. Bh4
Na6 9. Rc1 b6 10. Nf3 c5 11. O-O Bb7 12. Ne5 Nb4 13. Bb1 Ne4 14. Bxe7 Qxe7 15.
a3 Na6 16. Qd3 Nc7 17. f3 Nf6 18. Ng4 g6 19. Nxh6+ Kg7 20. Ng4 Ba6 21. Qd2 Nxg4
22. fxg4 Bxf1 23. Rxf1 Rae8 24. dxc5 Qxe3+ 25. Qxe3 Rxe3 26. cxb6 axb6 27. Rd1
Rfe8 28. Kf2 R3e5 29. Ba2 Rd8 30. Rd4 Rd6 31. h3 Kf6 32. Kf3 Ke6 33. Kf4 g5+
34. Kf3 Kd7 35. Bb1 Ne6 36. Ra4 Kc6 37. Na2 d4 38. Nb4+ Kb7 39. Nd3 Re3+ 40.
Kf2 Rxd3 41. Bxd3 Nc5 42. Bc2 d3 43. Bd1 Nxa4 44. Bxa4 Re6 45. Bd1 Kc6 46. g3
Kc5 47. h4 Kd4 48. h5 Rf6+ 49. Ke1 Ke3 0-1

[Event "XV Festival A"]
[Site "Campobasso ITA"]
[Date "2008.07.18"]
[Round "1"]
[White "Campanella, Giovanni"]
[Black "Gromovs, Sergejs"]
[Result "0-1"]
[WhiteElo "1955"]
[BlackElo "2385"]
[PlyCount "56"]
[EventDate "2008.07.18"]

1. e4 d6 2. Nf3 Nf6 3. e5 dxe5 4. Nxe5 e6 5. d4 Bd6 6. Bc4 O-O 7. O-O c5 8. Nf3
cxd4 9. Nxd4 Bxh2+ 10. Kxh2 Qc7+ 11. Kg1 Qxc4 12. b3 Qc7 13. Bb2 a6 14. c4 e5
15. Nc2 Nc6 16. Nc3 Rd8 17. Qe2 Bf5 18. Rad1 Bxc2 19. Qxc2 Nd4 20. Qc1 b5 21.
cxb5 axb5 22. Qg5 h6 23. Qh4 Qc6 24. Rfe1 b4 25. Na4 Ne2+ 26. Kf1 Nf4 27. f3
Rxd1 28. Rxd1 Qc2 0-1

[Event "XV Festival A"]
[Site "Campobasso ITA"]
[Date "2008.07.18"]
[Round "1"]
[White "Ferraro, Pietro"]
[Black "Mrdja, Milan"]
[Result "0-1"]
[WhiteElo "1968"]
[BlackElo "2409"]
[PlyCount "52"]
[EventDate "2008.07.18"]

1. e4 c5 2. b4 cxb4 3. a3 e6 4. Nf3 Nc6 5. d4 d5 6. Bb5 a6 7. axb4 Bd7 8. exd5
axb5 9. Rxa8 Qxa8 10. dxc6 Bxc6 11. O-O Nf6 12. c3 Bd6 13. Bg5 Ne4 14. Qd3 O-O
15. Nbd2 b6 16. Re1 Nxd2 17. Nxd2 Rc8 18. Re3 Bxg2 19. f4 Bd5 20. Rh3 h5 21.
Qg3 Qa1+ 22. Kf2 Qd1 23. Qe3 Bxb4 24. cxb4 Rc2 25. Kg3 Rxd2 26. Kh4 Qg4# 0-1

[Event "XV Festival A"]
[Site "Campobasso ITA"]
[Date "2008.07.18"]
[Round "1"]
[White "Gatti, Francesco"]
[Black "Castrogiovanni, Carlo"]
[Result "0-1"]
[WhiteElo "1748"]
[BlackElo "2055"]
[PlyCount "44"]
[EventDate "2008.07.18"]

1. e4 c5 2. Nf3 a6 3. d4 cxd4 4. Nxd4 Nf6 5. Bd3 Nc6 6. Nxc6 dxc6 7. h3 e5 8.
O-O Bc5 9. Qe2 O-O 10. Be3 Qb6 11. Bxc5 Qxc5 12. Nd2 Be6 13. Kh1 b5 14. f4 exf4
15. Rxf4 Qe5 16. Raf1 Nh5 17. Qe3 Nxf4 18. Rxf4 g6 19. Nf3 Qg7 20. e5 Rae8 21.
Rf6 Bd5 22. Nh4 Qxf6 0-1

[Event "XV Festival A"]
[Site "Campobasso ITA"]
[Date "2008.07.18"]
[Round "1"]
[White "Mari, Tommaso"]
[Black "Petruccioli, Antonio"]
[Result "0-1"]
[WhiteElo "1867"]
[BlackElo "2101"]
[PlyCount "52"]
[EventDate "2008.07.18"]

1. e4 c5 2. Nf3 a6 3. Nc3 b5 4. d4 e6 5. Bg5 Qc7 6. Be2 cxd4 7. Qxd4 Nc6 8. Qd2
Bb7 9. Rd1 d6 10. O-O Nf6 11. Bd3 Be7 12. Rfe1 h6 13. Nd5 exd5 14. Bxf6 Bxf6
15. exd5+ Ne7 16. g4 Kf8 17. g5 hxg5 18. Nxg5 g6 19. Re6 Bxg5 20. Qxg5 Rh5 21.
Qf4 Nxd5 22. Qxd6+ Qxd6 23. Rxd6 Nf4 24. f3 Bxf3 25. Re1 Nh3+ 26. Kf1 Rg5 0-1

[Event "XV Festival A"]
[Site "Campobasso ITA"]
[Date "2008.07.18"]
[Round "1"]
[White "Muzzi, Claudio"]
[Black "Castiello, Luigi"]
[Result "1-0"]
[WhiteElo "1875"]
[BlackElo "2114"]
[PlyCount "72"]
[EventDate "2008.07.18"]

1. e4 c5 2. Nf3 e6 3. d4 cxd4 4. Nxd4 a6 5. Bd3 Nf6 6. Qe2 d6 7. Nc3 Nbd7 8. f4
Qc7 9. Be3 Be7 10. g4 Nc5 11. O-O-O b5 12. g5 Nfd7 13. a3 Bb7 14. Bf2 Rc8 15.
Rhg1 Qa5 16. Qe1 Qc7 17. h4 g6 18. h5 e5 19. Nde2 Bxe4 20. Bxe4 Nxe4 21. Kb1
Nxf2 22. Qxf2 Qc4 23. Rgf1 e4 24. Rd4 Qc5 25. Rxe4 Qc7 26. Rxe7+ Kxe7 27. Nd5+
Kd8 28. Nxc7 Rxc7 29. Nc3 Nc5 30. Qd4 Re8 31. Qxd6+ Rd7 32. Qxc5 Re6 33. Rd1
Rxd1+ 34. Nxd1 Kd7 35. hxg6 hxg6 36. Nc3 Rc6 1-0

[Event "XV Festival A"]
[Site "Campobasso ITA"]
[Date "2008.07.18"]
[Round "1"]
[White "Procacci, Sergio"]
[Black "Lalic, Bogdan"]
[Result "0-1"]
[WhiteElo "2006"]
[BlackElo "2533"]
[PlyCount "74"]
[EventDate "2008.07.18"]

1. e4 c5 2. Nc3 Nc6 3. g3 g6 4. Bg2 Bg7 5. d3 d6 6. f4 e6 7. Nf3 Nge7 8. O-O
O-O 9. Be3 b6 10. e5 Rb8 11. exd6 Qxd6 12. Ne4 Qc7 13. c3 Ba6 14. Qc2 Rbd8 15.
Rfd1 Rd7 16. Kh1 Rfd8 17. Ne1 Bb7 18. Qe2 h6 19. Nc2 Ba6 20. Ne1 f5 21. Nf2 e5
22. fxe5 Nxe5 23. Bf4 g5 24. Bxe5 Qxe5 25. Qc2 Qf6 26. Nf3 Ng6 27. Rd2 g4 28.
Ng1 h5 29. Re1 Bc4 30. Rde2 Bf7 31. Rf1 Qg5 32. Qc1 Qxc1 33. Rxc1 h4 34. gxh4
Nf4 35. Ree1 Rxd3 36. Ne2 Rd2 37. Bf1 Rxb2 0-1

[Event "XV Festival A"]
[Site "Campobasso ITA"]
[Date "2008.07.18"]
[Round "1"]
[White "Sabia, Corrado"]
[Black "Gorgoglione, Enrico"]
[Result "1-0"]
[WhiteElo "2205"]
[BlackElo "1922"]
[PlyCount "137"]
[EventDate "2008.07.18"]

1. e4 c5 2. Nf3 Qc7 3. Nc3 e6 4. d4 cxd4 5. Nxd4 a6 6. g3 Nc6 7. Bg2 Bb4 8.
Nde2 Nge7 9. O-O O-O 10. a3 Bxc3 11. Nxc3 b5 12. f4 f5 13. e5 Bb7 14. Be3 Na5
15. Bxb7 Nxb7 16. Qf3 d5 17. exd6 Nxd6 18. Rfe1 Qb7 19. Qxb7 Nxb7 20. Bb6 Kf7
21. Rad1 Rfe8 22. Rd7 Nd8 23. Red1 Ndc6 24. R1d6 Rac8 25. Kf2 Kf6 26. Ke3 h6
27. h4 g6 28. Kd2 Rg8 29. Be3 Rcd8 30. Bd4+ Kf7 31. Bc5 Rxd7 32. Rxd7 Rd8 33.
Rxd8 Nxd8 34. a4 bxa4 35. Nxa4 Nec6 36. Bb6 Nb7 37. Bc7 Ke7 38. Nb6 Nc5 39. Ke3
h5 40. Nc4 Ne4 41. Nd2 Nxd2 42. Kxd2 Kd7 43. Bb6 Kd6 44. c4 e5 45. Be3 exf4 46.
Bxf4+ Kc5 47. Kc3 a5 48. Bc7 a4 49. Bf4 Kb6 50. Be3+ Ka5 51. Bc5 Nd8 52. Kd4
Nf7 53. Kd5 g5 54. Ke6 gxh4 55. gxh4 Nh6 56. Bf8 Ng4 57. Kxf5 Ne3+ 58. Kg6 Nxc4
59. Bg7 Kb4 60. Kxh5 Kb3 61. Kg4 Nxb2 62. Bf8 Nc4 63. h5 Ne5+ 64. Kf5 Nf7 65.
Bg7 a3 66. Kg6 Nd6 67. h6 Ne4 68. h7 Nc3 69. h8=Q 1-0

[Event "XV Festival A"]
[Site "Campobasso ITA"]
[Date "2008.07.18"]
[Round "1"]
[White "Sansonetti, Giorgio"]
[Black "Bagolin, Renzo"]
[Result "1/2-1/2"]
[WhiteElo "2102"]
[BlackElo "1869"]
[PlyCount "89"]
[EventDate "2008.07.18"]

1. d4 Nf6 2. Nc3 d5 3. Bg5 e6 4. e4 dxe4 5. Nxe4 Be7 6. Bxf6 Bxf6 7. Nf3 O-O 8.
c3 e5 9. Nxf6+ Qxf6 10. dxe5 Qf4 11. Qd2 Qxd2+ 12. Kxd2 Nc6 13. Bb5 Ne7 14.
Rae1 Be6 15. Kc2 Rad8 16. Ba4 Ng6 17. Rd1 Bf5+ 18. Kb3 Bd3 19. c4 Be2 20. Rxd8
Rxd8 21. Re1 Bxf3 22. gxf3 Rd3+ 23. Kb4 Rxf3 24. Re2 Rf5 25. Bc2 Rxe5 26. Rd2
Nf8 27. a4 a5+ 28. Kc3 b6 29. b4 axb4+ 30. Kxb4 Ne6 31. f4 Rc5 32. f5 Nf8 33.
Re2 g6 34. fxg6 hxg6 35. Re7 Kg7 36. Bd1 Ne6 37. Bf3 Kf6 38. Rd7 Rf5 39. Bd5
Rh5 40. Bxe6 Kxe6 41. Rxc7 g5 42. Rc6+ Kd7 43. Rxb6 Rxh2 44. Kc5 Ra2 45. Rb7+
1/2-1/2

[Event "XV Festival A"]
[Site "Campobasso ITA"]
[Date "2008.07.18"]
[Round "1"]
[White "Scalcione, Michelangelo"]
[Black "Di Lascio, Savino"]
[Result "1-0"]
[WhiteElo "2398"]
[BlackElo "1958"]
[PlyCount "51"]
[EventDate "2008.07.18"]

1. e4 c6 2. Nc3 d5 3. Nf3 dxe4 4. Nxe4 Nf6 5. Nxf6+ gxf6 6. b3 Bf5 7. Bb2 Qd5
8. Qe2 Nd7 9. c4 Qa5 10. Bc3 Qa3 11. Nd4 Bg6 12. f4 h6 13. f5 Bh7 14. g3 Ne5
15. Nc2 Qd6 16. d4 Nd7 17. Ne3 Rg8 18. Bg2 Rg5 19. O-O h5 20. b4 O-O-O 21. c5
Qc7 22. b5 Bg8 23. bxc6 bxc6 24. Qa6+ Qb7 25. Qxb7+ Kxb7 26. Rab1+ 1-0

[Event "XV Festival A"]
[Site "Campobasso ITA"]
[Date "2008.07.18"]
[Round "2"]
[White "Egli, Urs"]
[Black "Scalcione, Michelangelo"]
[Result "0-1"]
[WhiteElo "2071"]
[BlackElo "2398"]
[PlyCount "82"]
[EventDate "2008.07.18"]

1. e4 d6 2. d4 Nf6 3. Nc3 c6 4. Nf3 Bg4 5. h3 Bh5 6. Bd3 e6 7. d5 cxd5 8. exd5
e5 9. g4 Bg6 10. Bb5+ Nfd7 11. h4 h5 12. g5 Na6 13. Bd3 Bxd3 14. Qxd3 g6 15.
Qe2 Bg7 16. Nd2 O-O 17. Nde4 Ndc5 18. Rg1 Rc8 19. Nf6+ Bxf6 20. gxf6 Qxf6 21.
Qxh5 Nb4 22. Kd1 e4 23. Be3 Rfe8 24. a3 Re5 25. Qg4 Nxd5 26. Qxc8+ Kh7 27. Nxd5
Rxd5+ 28. Kc1 a6 29. c3 Nd3+ 30. Kc2 Rb5 31. b4 Rf5 32. Raf1 Rd5 33. Qxb7 Qe6
34. c4 Rb5 35. cxb5 Qc4+ 36. Kd1 Qb3+ 37. Ke2 Qc2+ 38. Bd2 Nf4+ 39. Ke3 Qd3+
40. Kxf4 Qf3+ 41. Kg5 Qf5# 0-1

[Event "XV Festival A"]
[Site "Campobasso ITA"]
[Date "2008.07.18"]
[Round "2"]
[White "Lalic, Bogdan"]
[Black "Sabia, Corrado"]
[Result "1/2-1/2"]
[WhiteElo "2533"]
[BlackElo "2205"]
[PlyCount "61"]
[EventDate "2008.07.18"]

1. d4 d5 2. c4 c6 3. Nc3 Nf6 4. Nf3 e6 5. e3 Nbd7 6. Bd3 dxc4 7. Bxc4 b5 8. Bd3
a6 9. O-O Bb7 10. a4 b4 11. Ne4 c5 12. Ned2 cxd4 13. exd4 Nb6 14. a5 Nbd5 15.
Nc4 Be7 16. Qe2 O-O 17. Rd1 Qb8 18. Nfe5 Qa7 19. Bg5 Rad8 20. Bc2 h6 21. Bc1
Ba8 22. Rd3 Kh8 23. Bd2 Nc7 24. Rg3 b3 25. Nxf7+ Rxf7 26. Ne5 bxc2 27. Nxf7+
Kh7 28. Bxh6 gxh6 29. Qe3 Bf8 30. Nxd8 Be4 31. Qb3 1/2-1/2

[Event "XV Festival A"]
[Site "Campobasso ITA"]
[Date "2008.07.18"]
[Round "2"]
[White "Naumkin, Igor"]
[Black "Ficco, Corrado"]
[Result "1-0"]
[WhiteElo "2502"]
[BlackElo "2141"]
[PlyCount "141"]
[EventDate "2008.07.18"]

1. d4 e6 2. c4 d5 3. Nf3 c5 4. cxd5 exd5 5. Nc3 Nc6 6. g3 Nf6 7. Bg2 Be7 8. O-O
O-O 9. Bf4 a6 10. dxc5 Bxc5 11. Rc1 d4 12. Na4 Ba7 13. Nc5 Bxc5 14. Rxc5 Be6
15. Ne5 Qb6 16. Rc2 Rac8 17. Nxc6 bxc6 18. Bd6 Rfe8 19. Bc5 Qb5 20. Bxd4 Bxa2
21. Bxf6 Bb3 22. Bh3 Bxc2 23. Qxc2 gxf6 24. Bxc8 Rxc8 25. Rd1 Rb8 26. Rd2 Kg7
27. e3 a5 28. Kg2 Re8 29. Rd4 Re5 30. Rg4+ Rg5 31. Rc4 Qd5+ 32. e4 Qd7 33. Rxc6
Re5 34. Qc3 Qe7 35. f3 Rb5 36. Ra6 Qe5 37. Qxe5 fxe5 38. Kh3 f6 39. Kg4 Kg6 40.
f4 h5+ 41. Kh4 Rxb2 42. h3 exf4 43. gxf4 Rb4 44. f5+ Kf7 45. Kxh5 Rxe4 46. Rxa5
Re7 47. Kh6 Kg8 48. Kg6 Rg7+ 49. Kxf6 Rf7+ 50. Ke6 Kg7 51. Ra4 Rf6+ 52. Ke5 Rh6
53. h4 Kf7 54. Rb4 Ra6 55. Rb7+ Kg8 56. Kf4 Ra1 57. h5 Rf1+ 58. Kg5 Rg1+ 59.
Kf6 Rh1 60. Rg7+ Kh8 61. Rg5 Kh7 62. Kf7 Ra1 63. Rg6 Rh1 64. f6 Ra1 65. Rg7+
Kh8 66. Rg2 Kh7 67. Re2 Ra7+ 68. Kf8 Ra6 69. f7 Kh8 70. Ke7 Ra7+ 71. Kf6 1-0

[Event "XV Festival A"]
[Site "Campobasso ITA"]
[Date "2008.07.18"]
[Round "2"]
[White "Vuelban, Virgilio"]
[Black "Muzzi, Claudio"]
[Result "1-0"]
[WhiteElo "2263"]
[BlackElo "1875"]
[PlyCount "29"]
[EventDate "2008.07.18"]

1. d4 Nf6 2. c4 c5 3. d5 e6 4. Nc3 exd5 5. cxd5 d6 6. e4 g6 7. f4 Bg7 8. Bb5+
Bd7 9. e5 Nh5 10. Nf3 Bxb5 11. Nxb5 Qa5+ 12. Nc3 Qb4 13. a3 Qc4 14. Qe2 Qxe2+
15. Kxe2 1-0

[Event "XV Festival A"]
[Site "Campobasso ITA"]
[Date "2008.07.19"]
[Round "3"]
[White "Andreoli, Mark"]
[Black "Cordi', Domenico"]
[Result "0-1"]
[WhiteElo "2048"]
[BlackElo "2039"]
[PlyCount "72"]
[EventDate "2008.07.18"]

1. e4 c5 2. d4 cxd4 3. c3 dxc3 4. Nxc3 Nc6 5. Nf3 d6 6. Bc4 e6 7. O-O Be7 8.
Qe2 Nf6 9. Rd1 Qa5 10. Bf4 e5 11. Bg5 Bg4 12. Bxf6 gxf6 13. Qe3 Qc5 14. Bb3
Qxe3 15. fxe3 f5 16. exf5 Bxf5 17. Nb5 Rd8 18. Nc7+ Kf8 19. Rac1 Kg8 20. Kf2
Rd7 21. Nd5 Be6 22. Ba4 Bxd5 23. Rxd5 Rc7 24. b4 a6 25. b5 axb5 26. Rxb5 Kg7
27. Rb6 Rhc8 28. Rcb1 Na5 29. Nd2 Ra8 30. Bd1 Ra7 31. Bf3 Rc2 32. Ke1 Rxa2 33.
Bxb7 Bd8 34. R6b2 Nxb7 35. Rxb7 Rxb7 36. Rxb7 Ba5 0-1

[Event "XV Festival A"]
[Site "Campobasso ITA"]
[Date "2008.07.19"]
[Round "3"]
[White "Bottega, Antonio"]
[Black "Di Lascio, Savino"]
[Result "1-0"]
[WhiteElo "1975"]
[BlackElo "1958"]
[PlyCount "117"]
[EventDate "2008.07.18"]

1. e4 c6 2. d3 d5 3. Nc3 e5 4. g3 d4 5. Nce2 Bg4 6. Bg2 h6 7. f4 Nd7 8. Nf3
Bxf3 9. Bxf3 Ngf6 10. O-O Bc5 11. Qe1 a5 12. Bd2 Qb6 13. Rb1 O-O 14. f5 Bb4 15.
Kh1 Bxd2 16. Qxd2 Nh7 17. h4 c5 18. Rg1 Qf6 19. Rbf1 Ra6 20. Qe1 Rc8 21. g4 c4
22. Qg3 cxd3 23. cxd3 Rc2 24. g5 hxg5 25. hxg5 Qd8 26. f6 g6 27. Rg2 Rxb2 28.
Rh2 Nhxf6 29. gxf6 Qxf6 30. Qg4 Nf8 31. Bg2 Qg7 32. Ng1 Rf6 33. Rc1 Rxa2 34.
Rc8 Rc6 35. Rb8 Rc1 36. Qh4 g5 37. Qg4 Raa1 38. Rh5 Rc6 39. Qh3 Rb1 40. Rh8+
Qxh8 41. Rxf8+ Kxf8 42. Qxh8+ Ke7 43. Qxe5+ Kf8 44. Qh8+ Ke7 45. Kh2 f6 46.
Qg7+ Ke6 47. Bh3+ Ke5 48. Ne2 Kd6 49. Qd7+ Kc5 50. Qxd4+ Kb5 51. Bd7 Rf1 52.
Nc3+ Ka6 53. Bxc6 bxc6 54. Na4 Rb1 55. Nc5+ Kb5 56. Qc4+ Kb6 57. d4 Ra1 58.
Qa6+ Kc7 59. Qb7+ 1-0

[Event "XV Festival A"]
[Site "Campobasso ITA"]
[Date "2008.07.19"]
[Round "3"]
[White "Collutiis, Duilio"]
[Black "Vuelban, Virgilio"]
[Result "1/2-1/2"]
[WhiteElo "2415"]
[BlackElo "2263"]
[PlyCount "44"]
[EventDate "2008.07.18"]

1. e4 c5 2. Nf3 d6 3. Bb5+ Nc6 4. d4 cxd4 5. Qxd4 Bd7 6. Bxc6 Bxc6 7. Nc3 Nf6
8. Bg5 e6 9. O-O-O Be7 10. Qd3 Qa5 11. h4 h6 12. Bxf6 Bxf6 13. Nd4 O-O-O 14. f4
g6 15. Qc4 Bxd4 16. Rxd4 Qc5 17. Qd3 e5 18. Rc4 Qf2 19. b4 Qxf4+ 20. Kb2 Kb8
21. Rf1 Qg4 22. Rxf7 Qe6 1/2-1/2

[Event "XV Festival A"]
[Site "Campobasso ITA"]
[Date "2008.07.19"]
[Round "3"]
[White "Corvi, Marco"]
[Black "Sannino, Raffaele"]
[Result "1-0"]
[WhiteElo "2350"]
[BlackElo "2014"]
[PlyCount "81"]
[EventDate "2008.07.18"]

1. c4 g6 2. Nc3 Bg7 3. g3 c5 4. Bg2 Nc6 5. Nf3 Nf6 6. O-O O-O 7. d4 cxd4 8.
Nxd4 Qb6 9. Nc2 d6 10. b3 Ng4 11. Bb2 Qa5 12. Qd2 Qh5 13. h3 Nf6 14. Nd5 Nxd5
15. Bxg7 Kxg7 16. cxd5 Ne5 17. g4 Qh4 18. Nd4 Qh6 19. Qxh6+ Kxh6 20. f4 Nd7 21.
Rac1 Nc5 22. b4 Na6 23. a3 Bd7 24. Rc3 Rac8 25. Rfc1 Rxc3 26. Rxc3 Kg7 27. e3
h5 28. gxh5 gxh5 29. Kh2 Ra8 30. Bf1 Kf6 31. Bxa6 bxa6 32. Rc7 e5 33. Rxd7 exd4
34. exd4 a5 35. Rxd6+ Kf5 36. bxa5 Ke4 37. Kg3 Kxd4 38. Rf6 Rf8 39. d6 Kc5 40.
d7 Kb5 41. a6 1-0